000
00241 a2200097 4500
001
46515
100
_a
Tufail, Muhammad
245
_a
Naqoosh Shamara No 109 (Khutoot No)
260
_a
lahore
_b
Adar-e-Faroogh-e-Urdu
_c
090
_c
29617
_d
29617
942
_a
NUST-CAE
_c
M
_c
21799
999
_c
281588
_d
281588